00833nam a22001935i 4500001000700000003000900007005001700016008004100033040003000074100001800104245018100122260007500303300002200378500009100400650002500491700005000516752002400566852004900590167435ES-MaACL20250809034614.0030307s1892 sp |||| | spa d aCCPB | B bspa cCCPB | B1 aVidal, Jorge.10aPrincipios fundamentales de la penalidad en los sistemas mas modernos / cpor Jorge Vidal ; traducida de la última edición francesa por José García Giménez del Cerro. aMadrid : blibrería editorial de Bailly-Baillière e hijos, c1892. a651 p. ; c22 cm. aObra premiada por el Instituto de Francia (Academia de Ciencias Morales y Políticas) 7aDerecho penal2embne21aGarcía Giménez del Cerro, José, etrad. aEspaña - dMadrid aES-MaACLjG-15013 z-- Enc. pasta española